If we were a movie (Hannah Montana) - lyrics - Statistics

General Stats
  • This quiz has been taken 44 times
  • The average score is 187 of 252
Answer Stats
Answer % Correct
I
97%
the
97%
you
97%
a
94%
An
94%
be
94%
best
94%
end
94%
friend
94%
movie
94%
we
94%
were
94%
we're
94%
and
91%
And
91%
fall
91%
guy
91%
If
91%
in
91%
In
91%
La
91%
la
91%
love
91%
right
91%
with
91%
You'd
91%
you'd
91%
I'd
88%
laughing
88%
sunset
88%
That
88%
Watching
85%
we'd
85%
happy
82%
Play
82%
song
82%
to
82%
black
79%
Fade
76%
Show
76%
names
71%
me
65%
hear
62%
her
62%
of
62%
Oh
62%
oh
62%
see
62%
your
62%
there
59%
when
59%
you'll
59%
I'll
56%
it
56%
know
56%
Yeah
56%
yeah
56%
You're
56%
charming
53%
could
53%
go
53%
tell
53%
win
53%
about
50%
I'm
50%
talking
50%
again
47%
all
47%
always
47%
cinematic
47%
For
47%
for
47%
got
47%
It's
47%
Oscar
47%
together
47%
voice
47%
want
47%
can
44%
how
44%
Like
44%
scene
44%
seem
44%
should
44%
Some
44%
star
44%
there's
44%
Wish
44%
everybody
41%
my
41%
obvious
41%
struck
41%
sure
41%
call
38%
Instead
38%
kind
38%
kiss
38%
never
38%
real,
38%
acting
35%
But
35%
hero
35%
twist
35%
amazing
32%
mind
32%
now
32%
tears
32%
through
32%
disguise
29%
something
29%
guess
26%
more
26%
playing
26%
than
26%
ticket
26%
get
24%
No matching quizzes found
Score Distribution
Percent of People with Each Score
Percentile by Number Answered
Your Score History
You have not taken this quiz